Análisis del estado de flujo de efectivo (Registro nro. 9245)
[ vista simple ]
| 000 -LEADER | |
|---|---|
| fixed length control field | 00330 a2200109 4500 |
| 001 - CONTROL NUMBER | |
| control field | ART_7941 |
| 005 - DATE AND TIME OF LATEST TRANSACTION | |
| control field | 20260410161556.0 |
| 008 - FIXED-LENGTH DATA ELEMENTS--GENERAL INFORMATION | |
| fixed length control field | 260409a |
| 100 1# - MAIN ENTRY--PERSONAL NAME | |
| Personal name | Mantovan, Flavio A. |
| 245 10 - TITLE STATEMENT | |
| Title | Análisis del estado de flujo de efectivo |
| 773 0# - HOST ITEM ENTRY | |
| Title | Profesional & Empresaria |
| Related parts | - Año XI, Nº 119 (ago. 2009) |
| Record control number | REV70 |
No hay ítems disponibles.